LEADER 00968nam0-22003011i-450- 001 990005304960403321 005 20060907130819.0 035 $a000530496 035 $aFED01000530496 035 $a(Aleph)000530496FED01 035 $a000530496 100 $a19990604d1967----km-y0itay50------ba 101 0 $ager 105 $ay-------001yy 200 1 $aStudien zur Utopia des Thomas Morus$eEin Beitrag zur Geistgeschichte des 16. Jahrhunderts$fvon Hans Snssmuth 210 $aMnnster Westfalen$cAschendorffsche Verlagsbuchhandlung$dc.1967 215 $a192 p.$d24 cm 225 1 $aReformationgeschichtliche Studien und Texte$v95 610 0 $aChiesa$aStoria$aSec. 16 676 $a270.5$v21$zita 700 1$aSüssmuth,$bHans$0397537 801 0$aIT$bUNINA$gRICA$2UNIMARC 901 $aBK 912 $a990005304960403321 952 $a270.5 RST 18$bST.REL. 844$fFLFBC 959 $aFLFBC 996 $aStudien zur Utopia des Thomas Morus$9537223 997 $aUNINA LEADER 00904nam0-22003131i-450- 001 990004085390403321 005 20061023115045.0 010 $a88-2450-383-7 035 $a000408539 035 $aFED01000408539 035 $a(Aleph)000408539FED01 035 $a000408539 100 $a19990604d1986----km-y0itay50------ba 101 0 $aita 105 $aa-------00-y- 200 1 $a<>primi moderni$edal classico al neoclassico$fRykwert Joseph$gtraduzione di Francesca Sforza 210 $aMilano$cEdizioni Comunità$d1986 215 $a679 p.$cill,$d24 cm 225 1 $aProspettive 676 $a724.1$v21$zita 700 1$aRykwert,$bJoseph$f<1926- >$010443 702 1$aSforza,$bFrancesca 801 0$aIT$bUNINA$gRICA$2UNIMARC 901 $aBK 912 $a990004085390403321 952 $a724.1 RYK 1$bDDS.2528$fFLFBC 959 $aFLFBC 996 $aPrimi moderni$9123040 997 $aUNINA LEADER 01077nam--2200373---450- 001 990001698870203316 005 20060301130736.0 035 $a000169887 035 $aUSA01000169887 035 $a(ALEPH)000169887USA01 035 $a000169887 100 $a20040526d1981----km-y0itay0103----ba 101 $aita 102 $aIT 105 $a||||||||001yy 200 1 $aAntroponimia siceliota$eStruttura e funzione$fAddolorata Landi 210 $aRoma$cG.Bretschneider$d1981 215 $a121 p.$d24 cm 225 2 $aSikelika$fSerie storica$v7 410 0$12001$aSikelika$fSerie storica$v7 454 1$12001 461 1$1001-------$12001 606 0 $aAntroponimia$xColonie doriche$ySicilia 676 $a929 700 1$aLANDI,$bAddolorata$0158809 801 0$aIT$bsalbc$gISBD 912 $a990001698870203316 951 $aV.1.F. 357(X B Coll. 49/7)$b85 L.M.$cX B 959 $aBK 969 $aUMA 979 $aSIAV2$b10$c20040526$lUSA01$h1116 979 $aCOPAT5$b90$c20060301$lUSA01$h1307 996 $aAntroponimia siceliota$9477618 997 $aUNISA